The water dancer / Ta-Nehisi Coates.
Available copies
- 3 of 3 copies available at LARL/NWRL Consortium.
- 2 of 2 copies available at Lake Agassiz Regional Library. (Show preferred library)
Current holds
0 current holds with 3 total copies.
Show Only Available Copies
| Location | Call Number / Copy Notes | Barcode | Shelving Location | Status | Due Date |
|---|---|---|---|---|---|
| Crookston Public Library | COA (Text) | 33500013167960 | Main | Available | - |
| Detroit Lakes Public Library | COA (Text) | 33500013137864 | Main | Available | - |
| Godel Memorial-Warren Library | COA (Text) | 35500006219552 | Main | Available | - |
Record details
- ISBN: 9780399590597
- ISBN: 0399590595
- ISBN: 9780593133118
- ISBN: 0593133110
- Physical Description: 403 pages ; 25 cm
- Edition: First edition.
- Publisher: New York : One World, [2019]
- Copyright: ©2019
Content descriptions
| General Note: | "The story of the White family takes the real-life saga of William and Peter Still and their family ... Read More |
| Summary, etc.: | "Young Hiram Walker was born into bondage--and ... Read More |
Search for related items by subject
| Subject: | Slavery > Southern States > History > Fiction. FICTION / African American / Historical. FICTION / Fantasy / Historical. |
| Genre: | Fantasy fiction. Historical fiction. Fantasy fiction. Historical fiction. |
| LDR | 03498cam a2200505 i 4500 | ||
|---|---|---|---|
| 001 | 314937 | ||
| 003 | LARL_NWRL_CONSORTIUM | ||
| 005 | 20190927135057.0 | ||
| 008 | 190330t20192019nyu 000 1 eng | ||
| 010 | . | ‡a 2019011177 | |
| 040 | . | ‡aDLC ‡beng ‡erda ‡cDLC ‡dOCLCO ‡dJAS ‡dPTS ‡dJTH ‡dYDX ‡dCLU | |
| 020 | . | ‡a9780399590597 ‡qhardcover ‡qacid-free paper | |
| 020 | . | ‡a0399590595 ‡qhardcover ‡qacid-free paper | |
| 020 | . | ‡a9780593133118 ‡qhardcover ‡qacid-free paper ‡qinternational | |
| 020 | . | ‡a0593133110 ‡qhardcover ‡qacid-free paper ‡qinternational | |
| 020 | . | ‡z9780399590603 ‡qelectronic book | |
| 035 | . | ‡a(OCoLC)1085585289 | |
| 042 | . | ‡apcc | |
| 043 | . | ‡an-usu-- | |
| 082 | 0 | 0. | ‡a813/.6 ‡223 |
| 084 | . | ‡aFIC049040 ‡aFIC009030 ‡2bisacsh | |
| 100 | 1 | . | ‡aCoates, Ta-Nehisi, ‡eauthor. ‡0(LARL_NWRL_CONSORTIUM)221179 |
| 245 | 1 | 4. | ‡aThe water dancer / ‡cTa-Nehisi Coates. |
| 250 | . | ‡aFirst edition. | |
| 264 | 1. | ‡aNew York : ‡bOne World, ‡c[2019] | |
| 264 | 4. | ‡c©2019 | |
| 300 | . | ‡a403 pages ; ‡c25 cm | |
| 336 | . | ‡atext ‡btxt ‡2rdacontent | |
| 337 | . | ‡aunmediated ‡bn ‡2rdamedia | |
| 338 | . | ‡avolume ‡bnc ‡2rdacarrier | |
| 500 | . | ‡a"The story of the White family takes the real-life saga of William and Peter Still and their family as its inspiration"--Author's note. | |
| 520 | . | ‡a"Young Hiram Walker was born into bondage--and lost his mother and all memory of her when he was a child--but he is also gifted with a mysterious power. Hiram almost drowns when he crashes a carriage into a river, but is saved from the depths by a force he doesn't understand, a blue light that lifts him up and lands him a mile away. This strange brush with death forces a new urgency on Hiram's private rebellion. Spurred on by his improvised plantation family, Thena, his chosen mother, a woman of few words and many secrets, and Sophia, a young woman fighting her own war even as she and Hiram fall in love, he becomes determined to escape the only home he's ever known. So begins an unexpected journey into the covert war on slavery that takes Hiram from the corrupt grandeur of Virginia's proud plantations to desperate guerrilla cells in the wilderness, from the coffin of the deep South to dangerously utopic movements in the North. Even as he's enlisted in the underground war between slavers and the enslaved, all Hiram wants is to return to the Walker Plantation to free the family he left behind--but to do so, he must first master his magical gift and reconstruct the story of his greatest loss. This is a bracingly original vision of the world of slavery, written with the narrative force of a great adventure. Driven by the author's bold imagination and striking ability to bring readers deep into the interior lives of his brilliantly rendered characters, The Water Dancer is the story of America's oldest struggle--the struggle to tell the truth--from one of our most exciting thinkers and beautiful writers"-- ‡cProvided by publisher. | |
| 650 | 0. | ‡aSlavery ‡zSouthern States ‡xHistory ‡vFiction. | |
| 650 | 7. | ‡aFICTION / African American / Historical. ‡2bisacsh | |
| 650 | 7. | ‡aFICTION / Fantasy / Historical. ‡2bisacsh | |
| 655 | 7. | ‡aFantasy fiction. ‡2gsafd | |
| 655 | 7. | ‡aHistorical fiction. ‡2gsafd | |
| 655 | 7. | ‡aFantasy fiction. ‡2lcgft | |
| 655 | 7. | ‡aHistorical fiction. ‡2lcgft | |
| 901 | . | ‡a314937 ‡bOCoLC ‡c314937 ‡tbiblio ‡soclc | |

Add to basket
Permalink
Enable Highlighting